[Event "2nd Asian Nations Team Cup U14 2019"]
[Site "Shenzhen"]
[Date "2019.12.21"]
[Round "3.13"]
[White "Yeoh, Yuan Hui"]
[Black "Li, Shanglin"]
[Result "0-1"]
[WhiteElo "1738"]
[BlackElo "2020"]
[Annotator "NA RC"]
[PlyCount "108"]
[EventDate "2019.12.19"]
[EventType "team-tourn"]
[EventCountry "CHN"]
[SourceTitle "playchess.com"]
[Source "ChessBase"]
[SourceQuality "1"]
[TimeControl "5400+30"]

1. d4 {[%emt 0:00:00]} Nf6 {[%emt 0:00:00]} 2. Nc3 {[%emt 0:00:00]} d5 {[%emt 0:00:00]} 3. Bg5 {[%emt 0:00:43]} h6 {[%emt 0:00:00]} 4. Bxf6 {[%emt 0:00:41]} exf6 {[%emt 0:00:00]} 5. e3 {[%emt 0:00:29]} c6 {[%emt 0:00:00]} 6. Bd3 {[%emt 0:00:07]} Nd7 {[%emt 0:00:04]} 7. Qf3 {[%emt 0:01:39]} g6 {[%emt 0:00:09]} 8. Nge2 {[%emt 0:03:25]} f5 {[%emt 0:00:11]} 9. h4 {[%emt 0:10:45]} h5 {[%emt 0:00:01]} 10. Qg3 {[%emt 0:05:12]} Nf6 {[%emt 0:01:33]} 11. f3 {[%emt 0:11:14]} Bd6 {[%emt 0:00:28]} 12. Qg5 {[%emt 0:01:30]} Be7 {[%emt 0:01:48]} 13. Qf4 {[%emt 0:04:42]} Qd6 {[%emt 0:01:25]} 14. e4 {[%emt 0:12:09]} fxe4 {[%emt 0:01:13]} 15. Qxd6 {[%emt 0:02:49]} Bxd6 {[%emt 0:01:09]} 16. fxe4 {[%emt 0:00:08]} dxe4 {[%emt 0:00:21]} 17. Nxe4 {[%emt 0:00:22]} Nxe4 {[%emt 0:00:02]} 18. Bxe4 {[%emt 0:00:09]} Be6 {[%emt 0:00:19]} 19. Kf2 {[%emt 0:03:48]} O-O-O {[%emt 0:00:14]} 20. Rhd1 {[%emt 0:02:05]} Rhe8 {[%emt 0:00:52]} 21. Bf3 {[%emt 0:01:22]} f6 {[%emt 0:01:07]} 22. Rac1 {[%emt 0:06:47]} Bf7 {[%emt 0:01:29]} 23. c4 {[%emt 0:06:04]} g5 {[%emt 0:00:24]} 24. g3 {[%emt 0:06:24]} Re7 {[%emt 0:00:14]} 25. a3 {[%emt 0:08:03]} Rde8 {[%emt 0:00:22]} 26. Rd2 {[%emt 0:00:39]} Bg6 {[%emt 0:00:21]} 27. Rc3 {[%emt 0:01:52]} a5 {[%emt 0:00:14]} 28. c5 {[%emt 0:04:09]} Bc7 {[%emt 0:00:19]} 29. d5 {[%emt 0:01:42]} cxd5 {[%emt 0:00:39]} 30. Bxd5 {[%emt 0:01:33]} a4 {[%emt 0:00:24]} 31. Rf3 {[%emt 0:02:58]} Be5 {[%emt 0:00:33]} 32. Nc3 {[%emt 0:01:07]} g4 {[%emt 0:00:07]} 33. Re3 {[%emt 0:01:02]} Bd4 {[%emt 0:00:02]} 34. Rxd4 {[%emt 0:00:31]} Rxe3 {[%emt 0:00:01]} 35. Be4 {[%emt 0:00:35]} R3xe4 {[%emt 0:00:14]} 36. Nxe4 {[%emt 0:00:07]} Rxe4 {[%emt 0:00:46]} 37. Rd6 {[%emt 0:00:06]} Re5 {[%emt 0:00:18]} 38. c6 {[%emt 0:01:16]} b5 {[%emt 0:00:26]} 39. Kg2 {[%emt 0:00:35]} Be4+ {[%emt 0:00:07]} 40. Kf2 {[%emt 0:00:10]} Kc7 {[%emt 0:00:02]} 41. Rxf6 {[%emt 0:00:57]} Bxc6 {[%emt 0:00:08]} 42. Rf4 {[%emt 0:00:20]} Bf3 {[%emt 0:00:02]} 43. Rb4 {[%emt 0:00:12]} Kc6 {[%emt 0:00:07]} 44. b3 {[%emt 0:00:42]} axb3 {[%emt 0:00:10]} 45. Rxb3 {[%emt 0:00:02]} Re2+ {[%emt 0:00:09]} 46. Kf1 {[%emt 0:00:28]} Rg2 {[%emt 0:00:01]} 47. Rb4 {[%emt 0:00:12]} Rxg3 {[%emt 0:00:02]} 48. a4 {[%emt 0:00:14]} bxa4 {[%emt 0:00:02]} 49. Rxa4 {[%emt 0:00:12]} Rh3 {[%emt 0:00:01]} 50. Ra6+ {[%emt 0:00:29]} Kd5 {[%emt 0:00:01]} 51. Ra5+ {[%emt 0:00:48]} Ke4 {[%emt 0:00:00]} 52. Ra4+ {[%emt 0:00:29]} Ke3 {[%emt 0:00:01]} 53. Ra3+ {[%emt 0:00:34]} Kf4 {[%emt 0:00:01]} 54. Kf2 {[%emt 0:00:47]} g3+ {[%emt 0:00:10]} 0-1

[Event "2nd Asian Nations Team Cup U14 2019"]
[Site "Shenzhen"]
[Date "2019.12.21"]
[Round "3.14"]
[White "Xue, Haowen"]
[Black "Foo, Jiu Yarng Clarance"]
[Result "1-0"]
[WhiteElo "1909"]
[BlackElo "1654"]
[Annotator "NA RC"]
[PlyCount "113"]
[EventDate "2019.12.19"]
[EventType "team-tourn"]
[EventCountry "CHN"]
[SourceTitle "playchess.com"]
[Source "ChessBase"]
[SourceQuality "1"]
[TimeControl "5400+30"]

1. e4 {[%emt 0:00:00]} c5 {[%emt 0:03:53]} 2. Nf3 {[%emt 0:00:04]} d6 {[%emt 0:00:23]} 3. d4 {[%emt 0:00:08]} cxd4 {[%emt 0:00:30]} 4. Nxd4 {[%emt 0:00:05]} Nf6 {[%emt 0:00:20]} 5. Nc3 {[%emt 0:00:05]} a6 {[%emt 0:00:22]} 6. Bg5 {[%emt 0:00:06]} Nbd7 {[%emt 0:01:37]} 7. f4 {[%emt 0:00:54]} e6 {[%emt 0:02:40]} 8. Qf3 {[%emt 0:00:19]} Qc7 {[%emt 0:04:05]} 9. O-O-O {[%emt 0:00:08]} b5 {[%emt 0:08:22]} 10. Bd3 {[%emt 0:00:26]} Bb7 {[%emt 0:01:00]} 11. Rhe1 {[%emt 0:00:18]} Be7 {[%emt 0:01:13]} 12. Qg3 {[%emt 0:00:19]} b4 {[%emt 0:41:31]} 13. Nd5 {[%emt 0:00:13]} exd5 {[%emt 0:17:33]} 14. exd5 {[%emt 0:00:01]} Nc5 {[%emt 0:12:51]} 15. Nf5 {[%emt 0:00:29]} Nxd3+ {[%emt 0:00:34]} 16. Qxd3 {[%emt 0:00:56]} O-O-O {[%emt 0:00:32]} 17. Rxe7 {[%emt 0:00:28]} Rd7 {[%emt 0:00:14]} 18. Bxf6 {[%emt 0:00:40]} gxf6 {[%emt 0:00:12]} 19. Rxd7 {[%emt 0:00:13]} Qxd7 {[%emt 0:00:36]} 20. Re1 {[%emt 0:00:16]} Kb8 {[%emt 0:00:59]} 21. Re7 {[%emt 0:00:42]} Qd8 {[%emt 0:00:29]} 22. Qd4 {[%emt 0:01:36]} Re8 {[%emt 0:00:32]} 23. Qxf6 {[%emt 0:01:08]} Rxe7 {[%emt 0:00:26]} 24. Qxe7 {[%emt 0:00:08]} Qxe7 {[%emt 0:00:30]} 25. Nxe7 {[%emt 0:00:05]} Kc7 {[%emt 0:00:20]} 26. Nc6 {[%emt 0:00:18]} Bc8 {[%emt 0:00:45]} 27. Nxb4 {[%emt 0:00:17]} a5 {[%emt 0:00:15]} 28. Nc6 {[%emt 0:00:47]} a4 {[%emt 0:00:27]} 29. Kd2 {[%emt 0:00:22]} Bf5 {[%emt 0:00:20]} 30. c4 {[%emt 0:00:38]} Kb6 {[%emt 0:00:53]} 31. Kc3 {[%emt 0:01:20]} Bb1 {[%emt 0:00:30]} 32. Nb4 {[%emt 0:01:09]} Be4 {[%emt 0:00:30]} 33. g4 {[%emt 0:00:29]} Bf3 {[%emt 0:00:32]} 34. g5 {[%emt 0:00:09]} Bg4 {[%emt 0:00:12]} 35. h4 {[%emt 0:00:17]} Bf5 {[%emt 0:00:29]} 36. b3 {[%emt 0:00:21]} Bd7 {[%emt 0:00:49]} 37. Nc6 {[%emt 0:00:38]} axb3 {[%emt 0:00:22]} 38. axb3 {[%emt 0:00:04]} Be8 {[%emt 0:00:31]} 39. b4 {[%emt 0:00:19]} Bd7 {[%emt 0:00:26]} 40. Kd4 {[%emt 0:00:11]} Bh3 {[%emt 0:00:33]} 41. Nd8 {[%emt 0:00:17]} Bg4 {[%emt 0:00:37]} 42. Nxf7 {[%emt 0:00:06]} Kc7 {[%emt 0:00:14]} 43. Nh6 {[%emt 0:00:18]} Bh5 {[%emt 0:00:20]} 44. f5 {[%emt 0:00:08]} Kd7 {[%emt 0:00:05]} 45. Ng8 {[%emt 0:00:13]} Bf7 {[%emt 0:01:06]} 46. Nf6+ {[%emt 0:00:05]} Ke7 {[%emt 0:00:06]} 47. Nxh7 {[%emt 0:00:07]} Be8 {[%emt 0:00:21]} 48. g6 {[%emt 0:00:11]} Bd7 {[%emt 0:01:20]} 49. f6+ {[%emt 0:00:07]} Kd8 {[%emt 0:00:23]} 50. g7 {[%emt 0:00:09]} Kc7 {[%emt 0:00:13]} 51. g8=Q {[%emt 0:00:06]} Bf5 {[%emt 0:00:14]} 52. f7 {[%emt 0:00:11]} Kb6 {[%emt 0:00:38]} 53. Qb8+ {[%emt 0:00:09]} Ka6 {[%emt 0:00:10]} 54. Qxd6+ {[%emt 0:00:06]} Ka7 {[%emt 0:00:15]} 55. f8=Q {[%emt 0:00:11]} Bc8 {[%emt 0:00:12]} 56. Qc5+ {[%emt 0:00:08]} Ka6 {[%emt 0:00:24]} 57. Qfxc8# {[%emt 0:00:06]} 1-0

[Event "2nd Asian Nations Team Cup U14 2019"]
[Site "Shenzhen"]
[Date "2019.12.21"]
[Round "3.15"]
[White "Lee, Ryan"]
[Black "Lu, Miaoyi"]
[Result "1/2-1/2"]
[WhiteElo "1615"]
[BlackElo "1787"]
[Annotator "NA RC"]
[PlyCount "136"]
[EventDate "2019.12.19"]
[EventType "team-tourn"]
[EventCountry "CHN"]
[SourceTitle "playchess.com"]
[Source "ChessBase"]
[SourceQuality "1"]
[TimeControl "5400+30"]

1. d4 {[%emt 0:00:00]} d5 {[%emt 0:00:00]} 2. c4 {[%emt 0:00:00]} c6 {[%emt 0:00:00]} 3. Nc3 {[%emt 0:00:00]} Nf6 {[%emt 0:00:00]} 4. e3 {[%emt 0:00:10]} Bf5 {[%emt 0:00:50]} 5. cxd5 {[%emt 0:00:22]} cxd5 {[%emt 0:00:04]} 6. Qb3 {[%emt 0:00:07]} Nc6 {[%emt 0:00:32]} 7. Qxb7 {[%emt 0:04:01]} Bd7 {[%emt 0:00:16]} 8. Nb5 {[%emt 0:12:30]} Rc8 {[%emt 0:04:18]} 9. Nf3 {[%emt 0:17:54]} e6 {[%emt 0:14:16]} 10. Bd2 {[%emt 0:18:10]} Rb8 {[%emt 0:28:43]} 11. Qa6 {[%emt 0:01:29]} Rb6 {[%emt 0:08:18]} 12. Qa4 {[%emt 0:01:27]} a6 {[%emt 0:01:44]} 13. Nc3 {[%emt 0:02:19]} Rxb2 {[%emt 0:01:41]} 14. Qd1 {[%emt 0:03:41]} Nb4 {[%emt 0:04:58]} 15. Rc1 {[%emt 0:01:49]} Nxa2 {[%emt 0:03:00]} 16. Nxa2 {[%emt 0:02:13]} Rxa2 {[%emt 0:01:45]} 17. Ra1 {[%emt 0:05:25]} Rxa1 {[%emt 0:04:36]} 18. Qxa1 {[%emt 0:00:06]} Bb5 {[%emt 0:01:27]} 19. Bxb5+ {[%emt 0:00:25]} axb5 {[%emt 0:00:00]} 20. Qa6 {[%emt 0:02:28]} b4 {[%emt 0:12:45]} 21. Qc6+ {[%emt 0:02:24]} Nd7 {[%emt 0:02:02]} 22. Ne5 {[%emt 0:00:52]} Be7 {[%emt 0:00:54]} 23. O-O {[%emt 0:05:32]} f6 {[%emt 0:02:12]} 24. Nxd7 {[%emt 0:00:23]} Qxd7 {[%emt 0:00:05]} 25. Qa8+ {[%emt 0:00:15]} Qd8 {[%emt 0:00:29]} 26. Qa4+ {[%emt 0:00:26]} Qd7 {[%emt 0:03:27]} 27. Qa8+ {[%emt 0:00:27]} Qd8 {[%emt 0:00:08]} 28. Qa4+ {[%emt 0:00:04]} Kf7 {[%emt 0:00:41]} 29. Bxb4 {[%emt 0:00:18]} Bxb4 {[%emt 0:01:49]} 30. Qxb4 {[%emt 0:00:05]} Qb8 {[%emt 0:01:14]} 31. Rb1 {[%emt 0:00:37]} Qxb4 {[%emt 0:00:16]} 32. Rxb4 {[%emt 0:00:03]} Ra8 {[%emt 0:00:27]} 33. f4 {[%emt 0:00:27]} Ra7 {[%emt 0:02:16]} 34. Rb6 {[%emt 0:00:27]} f5 {[%emt 0:00:49]} 35. Kf2 {[%emt 0:00:17]} Kf6 {[%emt 0:00:17]} 36. Kf3 {[%emt 0:00:41]} h6 {[%emt 0:01:03]} 37. h4 {[%emt 0:00:36]} Ra1 {[%emt 0:00:07]} 38. Kf2 {[%emt 0:00:58]} Rh1 {[%emt 0:00:34]} 39. g3 {[%emt 0:00:20]} g6 {[%emt 0:00:40]} 40. Ra6 {[%emt 0:00:30]} Rh2+ {[%emt 0:00:40]} 41. Kf3 {[%emt 0:00:30]} h5 {[%emt 0:00:17]} 42. Ra7 {[%emt 0:00:44]} Rb2 {[%emt 0:00:15]} 43. Rc7 {[%emt 0:00:33]} Ra2 {[%emt 0:00:17]} 44. Rb7 {[%emt 0:00:04]} Ra1 {[%emt 0:00:41]} 45. Rc7 {[%emt 0:00:11]} Rf1+ {[%emt 0:00:11]} 46. Kg2 {[%emt 0:00:11]} Re1 {[%emt 0:00:41]} 47. Kf2 {[%emt 0:00:04]} Rb1 {[%emt 0:00:37]} 48. Kf3 {[%emt 0:00:07]} Rb6 {[%emt 0:00:19]} 49. Ra7 {[%emt 0:00:12]} Rb1 {[%emt 0:00:25]} 50. Rc7 {[%emt 0:00:14]} Ra1 {[%emt 0:00:21]} 51. Rb7 {[%emt 0:00:09]} Rg1 {[%emt 0:00:23]} 52. Kf2 {[%emt 0:00:08]} Rc1 {[%emt 0:00:44]} 53. Kf3 {[%emt 0:00:04]} Rc4 {[%emt 0:00:16]} 54. Ra7 {[%emt 0:00:11]} Rc8 {[%emt 0:00:46]} 55. Rb7 {[%emt 0:00:08]} Ra8 {[%emt 0:00:17]} 56. Rc7 {[%emt 0:00:08]} Rb8 {[%emt 0:00:34]} 57. Ra7 {[%emt 0:00:11]} Rb4 {[%emt 0:00:29]} 58. Rc7 {[%emt 0:00:10]} Rc4 {[%emt 0:01:10]} 59. Ra7 {[%emt 0:00:48]} Rc1 {[%emt 0:00:23]} 60. Rb7 {[%emt 0:00:08]} Rh1 {[%emt 0:00:27]} 61. Kg2 {[%emt 0:00:26]} Rd1 {[%emt 0:00:29]} 62. Kf3 {[%emt 0:00:10]} Rd2 {[%emt 0:00:17]} 63. Ra7 {[%emt 0:00:13]} Rh2 {[%emt 0:00:42]} 64. Rb7 {[%emt 0:00:09]} Rd2 {[%emt 0:00:29]} 65. Ra7 {[%emt 0:00:32]} Rh2 {[%emt 0:00:04]} 66. Rb7 {[%emt 0:00:05]} Rd2 {[%emt 0:00:12]} 67. Ra7 {[%emt 0:00:05]} Rh2 {[%emt 0:00:25]} 68. Rb7 {[%emt 0:00:03]} Rd2 {[%emt 0:00:08] Ke4 Ke5+} 1/2-1/2

[Event "2nd Asian Nations Team Cup U14 2019"]
[Site "Shenzhen"]
[Date "2019.12.21"]
[Round "3.16"]
[White "Wu, Yixing"]
[Black "Foo, Jing Er Claire"]
[Result "1-0"]
[WhiteElo "1767"]
[BlackElo "1546"]
[Annotator "NA RC"]
[PlyCount "47"]
[EventDate "2019.12.19"]
[EventType "team-tourn"]
[EventCountry "CHN"]
[SourceTitle "playchess.com"]
[Source "ChessBase"]
[SourceQuality "1"]
[TimeControl "5400+30"]

1. Nf3 {[%emt 0:00:00]} d5 {[%emt 0:03:41]} 2. g3 {[%emt 0:00:00]} c5 {[%emt 0:01:11]} 3. Bg2 {[%emt 0:00:00]} Nf6 {[%emt 0:00:58]} 4. O-O {[%emt 0:00:00]} Nc6 {[%emt 0:01:39]} 5. d4 {[%emt 0:00:00]} e6 {[%emt 0:02:57]} 6. c4 {[%emt 0:00:05]} dxc4 {[%emt 0:03:24]} 7. dxc5 {[%emt 0:00:05]} Bxc5 {[%emt 0:11:50]} 8. Qa4 {[%emt 0:00:11]} O-O {[%emt 0:02:38]} 9. Qxc4 {[%emt 0:00:10]} Bb6 {[%emt 0:05:34]} 10. Nc3 {[%emt 0:00:37]} Qe7 {[%emt 0:00:53]} 11. Qh4 {[%emt 0:04:25]} Bd8 {[%emt 0:05:09]} 12. Rd1 {[%emt 0:01:55]} Qe8 {[%emt 0:02:52]} 13. Bg5 {[%emt 0:23:30]} Be7 {[%emt 0:06:12]} 14. Nb5 {[%emt 0:03:52]} Bd8 {[%emt 0:08:52]} 15. Nd6 {[%emt 0:00:51]} Qe7 {[%emt 0:00:19]} 16. Ne4 {[%emt 0:00:08]} Kh8 {[%emt 0:01:54]} 17. Rxd8 {[%emt 0:02:05]} Qxd8 {[%emt 0:04:24]} 18. Nxf6 {[%emt 0:00:06]} gxf6 {[%emt 0:01:05]} 19. Bxf6+ {[%emt 0:00:20]} Qxf6 {[%emt 0:00:06]} 20. Qxf6+ {[%emt 0:00:04]} Kg8 {[%emt 0:00:08]} 21. Ng5 {[%emt 0:00:07]} Nd8 {[%emt 0:00:56]} 22. Be4 {[%emt 0:00:07]} Re8 {[%emt 0:00:32]} 23. Bxh7+ {[%emt 0:00:23]} Kf8 {[%emt 0:00:06]} 24. Rd1 {[%emt 0:00:14]} 1-0

[Event "2nd Asian Nations Team Cup U14 2019"]
[Site "Shenzhen"]
[Date "2019.12.21"]
[Round "3.17"]
[White "Batbold, Nyamsuren"]
[Black "Daneshvar, Bardiya"]
[Result "0-1"]
[WhiteElo "1963"]
[BlackElo "2330"]
[Annotator "TA"]
[PlyCount "84"]
[EventDate "2019.12.19"]
[EventType "team-tourn"]
[EventCountry "CHN"]
[SourceTitle "playchess.com"]
[Source "ChessBase"]
[SourceQuality "1"]

{[%evp 14,84,-20,-25,0,0,9,0,0,0,0,0,0,0,0,0,0,0,124,104,131,51,20,37,18,27,31,29,96,89,111,0,0,0,0,0,5,0,0,0,0,0,0,-41,-76,-109,-74,-220,-219,-214,-208,-299,-271,-504,-452,-581,-578,-29966,-29967,-29965,-29968,-29967,-29965,-5235,-8124,-29982,-29983,-29985,-29986,-29986,-29987,-29987,-29988]} 1. d4 Nf6 2. Nf3 c5 3. c3 d5 4. Bf4 Nc6 $146 ({Predecessor:} 4... Qb6 5. Qb3 Nc6 {0-1 (67) Olszewski,M (2107)-Borovikov,V (2544) Kazimierz Dolny 2001}) 5. e3 Qb6 6. Qb3 c4 7. Qxb6 axb6 8. Na3 {[%cal Bb1a3,Ba3b5,Bb5c7][%mdl 32]} e5 {D02: 1 d4 d5 2 Nf3 sidelines, including 2...Nf6 3 g3 and 2...Nf6 3 Bf4} 9. Nb5 $1 Ra5 10. Nc7+ Kd7 $1 {The position is equal.} 11. dxe5 Nh5 $1 {[%cal Rh5f4]} 12. Nxd5 $1 Rxd5 13. Bxc4 Rc5 14. Bxf7 Nxf4 15. exf4 Ke7 (15... Be7 $11) 16. Bb3 $16 Bg4 17. Nd2 ({Better is} 17. Ng5 $1 $16) 17... g5 $14 18. Ne4 {aiming for h3.} gxf4 19. Nxc5 bxc5 {[%cal Bb6c5,Bc5c4][%mdl 32]} 20. f3 Bf5 (20... Be6 $1 $11 {keeps the balance.}) 21. O-O-O $1 $16 Be6 22. g3 (22. Bxe6 $16 Kxe6 23. Rhe1) 22... c4 $1 $11 {[%cal Rc4b3]} 23. Bc2 Nxe5 24. Be4 b5 25. Rhe1 {Threatens to win with Bd5.} Kf6 26. Kc2 fxg3 27. hxg3 Bc5 28. b4 Bf2 {[%mdl 1024] Black has compensation.} 29. Rh1 {[#]} h5 $1 ({But not} 29... Bxg3 $6 30. Rh6+ Ke7 31. Rdh1 $11) 30. f4 (30. Rd6 $17 Nf7 31. Rc6) 30... Ng4 $19 {Hoping for ...Ne3+.} 31. Rd6 Bxg3 32. Bf3 (32. Rb6 {was necessary.} Bxf4 33. Kb1) 32... Ne3+ ({Weaker is} 32... Bxf4 {[#]} 33. Rxe6+ $1 {[%mdl 512]} Kxe6 34. Bxg4+ Kd6 35. Bxh5 $11) 33. Kd2 $2 (33. Kb2 h4 34. Bc6) 33... Bxf4 34. Rxe6+ Kxe6 35. Rxh5 Ng4+ 36. Kc2 Rxh5 37. Bxg4+ {[#]} Rf5 $1 38. Kb2 (38. Bxf5+ Kxf5) 38... Ke5 39. Bxf5 Kxf5 {Black mates.} 40. a4 bxa4 41. Ka3 Ke4 42. Kxa4 Kd3 {Accuracy: White = 27%, Black = 68%.} 0-1

[Event "2nd Asian Nations Team Cup U14 2019"]
[Site "Shenzhen"]
[Date "2019.12.21"]
[Round "3.18"]
[White "Poormosavi, Seyed Kian"]
[Black "Erkhes, Bayartnar"]
[Result "0-1"]
[WhiteElo "2317"]
[BlackElo "1937"]
[Annotator "TA"]
[PlyCount "40"]
[EventDate "2019.12.19"]
[EventType "team-tourn"]
[EventCountry "CHN"]
[SourceTitle "playchess.com"]
[Source "ChessBase"]
[SourceQuality "1"]

{[%evp 14,80,16,8,25,9,2,7,35,-2,-3,-40,0,0,0,-17,-19,-50,-45,-45,8,-7,-6,-19,-22,-353,-333,-495,-349,-342,-343,-393,-354,-352,-386,-571,-537,-595,-568,-633,-629,-558,-511,-483,-387,-370,-252,-246,-260,-343,-350,-461,-434,-434,-427,-427,-427,-427,-373,-427,-337,-466,-436,-726,-679,-1256,-1123,-29981,-29982]} 1. Nf3 d5 2. g3 c6 3. Bg2 Nf6 4. O-O Bg4 5. c4 Nbd7 6. cxd5 cxd5 7. Nc3 e6 8. d4 Be7 {A11: English Opening: 1...c6} (8... Bd6 9. h3 Bxf3 10. Bxf3 O-O 11. Qb3 Qb6 12. Qxb6 Nxb6 13. b3 a6 14. Bb2 Rfc8 15. Rfc1 Rc7 16. Nd1 Rac8 17. Rxc7 Rxc7 18. Rc1 Rxc1 19. Bxc1 Kf8 20. g4 {½-½ (20) Cordova,E (2621)-Cori Tello,J (2659) Montevideo 2018}) 9. Ne5 Bf5 10. Qb3 Qb6 {The position is equal.} 11. Qa4 Rd8 {[%cal Ba8d8,Bd8d7,Bd7c7,Bc7c1,Bc1b1][%mdl 32]} 12. Bg5 $146 ({Predecessor:} 12. h3 h6 13. g4 Bh7 14. Nd1 {½-½ (14) Boger,R (2477)-Williams,S (2297) corr 2000}) 12... h6 13. Bxf6 Bxf6 14. Nxd7 Rxd7 15. e3 Qxb2 16. Rfc1 b5 (16... Qb6 $15) 17. Nxb5 {Strongly threatening Nd6+.} O-O 18. Bf1 Rb8 $36 {[%mdl 2048] Black is pushing.} 19. Nxa7 $2 {[%mdl 8192] [#]} (19. Qb3 $11 Qd2 20. Qc3 Qxc3 21. Rxc3) 19... Rc7 $1 $19 {[%cal Rc7c1][%mdl 512]} 20. Re1 (20. Qd1 $142 Rxa7 21. a4) (20. Rxc7 Qxa1) 20... Rc2 {Played: Rb8-a8} 0-1

[Event "2nd Asian Nations Team Cup U14 2019"]
[Site "Shenzhen"]
[Date "2019.12.21"]
[Round "3.19"]
[White "Temuujin, Kherlen"]
[Black "Ebrahimi Herab, Hamidreza"]
[Result "0-1"]
[WhiteElo "1711"]
[BlackElo "2053"]
[Annotator "NA RC"]
[PlyCount "96"]
[EventDate "2019.12.19"]
[EventType "team-tourn"]
[EventCountry "CHN"]
[SourceTitle "playchess.com"]
[Source "ChessBase"]
[SourceQuality "1"]
[TimeControl "5400+30"]

1. c4 {[%emt 0:00:00]} Nf6 {[%emt 0:00:20]} 2. Nf3 {[%emt 0:00:26]} g6 {[%emt 0:00:11]} 3. b3 {[%emt 0:01:42]} Bg7 {[%emt 0:00:22]} 4. Bb2 {[%emt 0:00:08]} O-O {[%emt 0:00:18]} 5. g3 {[%emt 0:00:20]} c5 {[%emt 0:00:44]} 6. Bg2 {[%emt 0:00:13]} Nc6 {[%emt 0:00:14]} 7. d4 {[%emt 0:01:53]} d5 {[%emt 0:04:01]} 8. dxc5 {[%emt 0:13:00]} dxc4 {[%emt 0:02:47]} 9. O-O {[%emt 0:01:32]} Bf5 {[%emt 0:05:26]} 10. Nbd2 {[%emt 0:08:29]} cxb3 {[%emt 0:04:06]} 11. axb3 {[%emt 0:00:45]} Qc7 {[%emt 0:01:33]} 12. Ra4 {[%emt 0:02:58]} Rfd8 {[%emt 0:03:40]} 13. Qa1 {[%emt 0:20:49]} Ne8 {[%emt 0:06:48]} 14. Bxg7 {[%emt 0:18:10]} Nxg7 {[%emt 0:00:44]} 15. e4 {[%emt 0:01:17]} Bg4 {[%emt 0:05:04]} 16. Qc3 {[%emt 0:01:16]} e5 {[%emt 0:03:40]} 17. b4 {[%emt 0:02:13]} Ne6 {[%emt 0:01:20]} 18. Nc4 {[%emt 0:08:10]} Ncd4 {[%emt 0:01:29]} 19. Kh1 {[%emt 0:00:20]} Bxf3 {[%emt 0:00:30]} 20. Bxf3 {[%emt 0:00:07]} Nxf3 {[%emt 0:00:05]} 21. Qxf3 {[%emt 0:00:11]} b5 {[%emt 0:00:05]} 22. cxb6 {[%emt 0:01:29]} Qxc4 {[%emt 0:00:18]} 23. Rfa1 {[%emt 0:00:15]} a6 {[%emt 0:00:56]} 24. h4 {[%emt 0:01:06]} Nd4 {[%emt 0:01:19]} 25. Qf6 {[%emt 0:00:40]} Qe6 {[%emt 0:00:58]} 26. Qxe6 {[%emt 0:01:55]} Nxe6 {[%emt 0:01:01]} 27. Rxa6 {[%emt 0:02:27]} Rxa6 {[%emt 0:00:25]} 28. Rxa6 {[%emt 0:00:05]} Rb8 {[%emt 0:00:06]} 29. Kg2 {[%emt 0:00:26]} Nd4 {[%emt 0:00:24]} 30. Ra5 {[%emt 0:00:24]} f6 {[%emt 0:00:17]} 31. Ra6 {[%emt 0:00:15]} Nc2 {[%emt 0:00:44]} 32. b7 {[%emt 0:00:49]} Rxb7 {[%emt 0:00:55]} 33. Rxf6 {[%emt 0:00:06]} Rxb4 {[%emt 0:00:07]} 34. f3 {[%emt 0:00:34]} Nd4 {[%emt 0:02:02]} 35. h5 {[%emt 0:00:31]} Kg7 {[%emt 0:00:42]} 36. Ra6 {[%emt 0:00:26]} Rb2+ {[%emt 0:00:08]} 37. Kf1 {[%emt 0:00:29]} Nxf3 {[%emt 0:00:07]} 38. hxg6 {[%emt 0:00:22]} hxg6 {[%emt 0:00:02]} 39. Ra3 {[%emt 0:00:17]} Nd2+ {[%emt 0:00:09]} 40. Kg1 {[%emt 0:00:10]} Nxe4 {[%emt 0:00:05]} 41. Re3 {[%emt 0:00:04]} Rb4 {[%emt 0:00:06]} 42. Kg2 {[%emt 0:00:24]} Kf6 {[%emt 0:00:04]} 43. Kg1 {[%emt 0:00:06]} Kf5 {[%emt 0:00:08]} 44. Kg2 {[%emt 0:00:16]} Kg4 {[%emt 0:00:09]} 45. Re2 {[%emt 0:00:13]} g5 {[%emt 0:00:15]} 46. Re3 {[%emt 0:00:18]} Rb2+ {[%emt 0:00:31]} 47. Kg1 {[%emt 0:00:04]} Nxg3 {[%emt 0:00:41]} 48. Rxe5 {[%emt 0:00:26]} Kh3 {[%emt 0:00:07]} 0-1

[Event "2nd Asian Nations Team Cup U14 2019"]
[Site "Shenzhen"]
[Date "2019.12.21"]
[Round "3.20"]
[White "Khorshidi, Mohammad Javad"]
[Black "Angar, Zoljargal"]
[Result "1-0"]
[WhiteElo "2094"]
[BlackElo "1696"]
[Annotator "NA RC"]
[PlyCount "59"]
[EventDate "2019.12.19"]
[EventType "team-tourn"]
[EventCountry "CHN"]
[SourceTitle "playchess.com"]
[Source "ChessBase"]
[SourceQuality "1"]
[TimeControl "5400+30"]

1. d4 {[%emt 0:00:00]} d5 {[%emt 0:00:00]} 2. c4 {[%emt 0:00:00]} c6 {[%emt 0:00:00]} 3. cxd5 {[%emt 0:00:00]} cxd5 {[%emt 0:00:27]} 4. Bf4 {[%emt 0:00:00]} Nc6 {[%emt 0:03:49]} 5. e3 {[%emt 0:00:09]} Nf6 {[%emt 0:02:27]} 6. Nc3 {[%emt 0:00:28]} Bf5 {[%emt 0:02:53]} 7. Nf3 {[%emt 0:00:46]} e6 {[%emt 0:02:24]} 8. Bb5 {[%emt 0:00:08]} Nd7 {[%emt 0:02:00]} 9. Qa4 {[%emt 0:02:28]} Qb6 {[%emt 0:04:10]} 10. Nh4 {[%emt 0:02:54]} Bg6 {[%emt 0:03:03]} 11. Nxg6 {[%emt 0:00:40]} hxg6 {[%emt 0:00:14]} 12. e4 {[%emt 0:01:31]} Bb4 {[%emt 0:12:52]} 13. exd5 {[%emt 0:03:16]} Bxc3+ {[%emt 0:00:54]} 14. bxc3 {[%emt 0:00:12]} exd5 {[%emt 0:00:29]} 15. O-O {[%emt 0:02:06]} O-O {[%emt 0:01:20]} 16. Rab1 {[%emt 0:01:53]} Nf6 {[%emt 0:04:39]} 17. Bd3 {[%emt 0:23:34]} Qa5 {[%emt 0:07:51]} 18. Qb3 {[%emt 0:08:32]} Rac8 {[%emt 0:07:01]} 19. Rfc1 {[%emt 0:07:05]} b6 {[%emt 0:07:33]} 20. Bd6 {[%emt 0:01:53]} b5 {[%emt 0:16:44]} 21. Bxf8 {[%emt 0:00:06]} Rxf8 {[%emt 0:00:11]} 22. Qxb5 {[%emt 0:00:29]} Qc7 {[%emt 0:00:21]} 23. g3 {[%emt 0:01:43]} Ne7 {[%emt 0:04:11]} 24. Qb7 {[%emt 0:01:02]} Qd6 {[%emt 0:00:48]} 25. Qxa7 {[%emt 0:01:35]} Nf5 {[%emt 0:00:25]} 26. Rb6 {[%emt 0:01:56]} Qd8 {[%emt 0:00:47]} 27. Bxf5 {[%emt 0:03:57]} gxf5 {[%emt 0:00:22]} 28. Rcb1 {[%emt 0:00:39]} Kh7 {[%emt 0:01:23]} 29. Rb8 {[%emt 0:00:28]} Qd6 {[%emt 0:00:18]} 30. R1b6 {[%emt 0:00:35]} 1-0